What NBA players scored the most points in a game - Statistics

General Stats
  • This quiz has been taken 22 times
  • The average score is 5 of 15
Answer Stats
Hint Answer % Correct
100 Wilt Chamberlain
100%
81 Kobe Bryant
95%
78 Wilt Chamberlain
52%
73 Luka Doncic
48%
70 Devin Booker
33%
71 Damian Lillard
29%
71 David Robinson
24%
71 Donovan Mitchell
24%
70 Joel Embiid
24%
73 Wilt Chamberlain
24%
72 Wilt Chamberlain
24%
73 David Thompson
19%
73 Wilt Chamberlain
19%
70 Wilt Chamberlain
14%
71 Elgin Baylor
5%
No matching quizzes found
Score Distribution
Percent of People with Each Score
Percentile by Number Answered
Your Score History
You have not taken this quiz